[Event "AUTO-OPEN-4541"]
[Site "http://www.queenalice.com/game.php?id=1854708"]
[Date "2025.3.29"]
[Round "2"]
[White "GUZONJA1984"]
[Black "princesher"]
[Result "1-0"]
[WhiteElo "2385"]
[BlackElo "2016"]

1. e4 e5 2. Nf3 d6 3. d4 Bg4 4. dxe5 Bxf3 5. Qxf3 dxe5 6. Qb3 b6 7. Nc3 c6 8.
Be3 h6 9. Bc4 Qf6 10. O-O-O b5 11. Nxb5 Na6 12. Qa4 Rd8 13. Qxa6 Rxd1+ 14. Rxd1
Bb4 15. Qc8+ Ke7 16. Rd7# 1-0

[Event "AUTO-OPEN-4541"]
[Site "http://www.queenalice.com/game.php?id=1854709"]
[Date "2025.3.29"]
[Round "2"]
[White "princesher"]
[Black "GUZONJA1984"]
[Result "0-1"]
[WhiteElo "2025"]
[BlackElo "2407"]

1. e4 c5 2. d3 Nc6 3. c3 d5 4. exd5 Qxd5 5. h3 e5 6. Be3 f5 7. f4 Bd6 8. fxe5
Qxe5 9. Qf3 f4 10. Qxf4 Qxf4 11. Bxf4 Bxf4 12. Ne2 Bh6 13. g4 Ne5 14. Ng3 Bd7
15. Be2 O-O-O 16. Ne4 Bc6 17. g5 Bxg5 18. h4 Bc1 19. a3 Nxd3+ 20. Bxd3 Rxd3 21.
Nxc5 Re3+ 22. Kd1 Bxh1 23. Kxc1 Re1+ 24. Kc2 Nf6 25. Ra2 b6 26. Nd3 Be4 27. Nd2
Bxd3+ 28. Kxd3 Rd8+ 29. Kc4 Rxd2 30. Kb3 Ne4 31. a4 Nc5+ 32. Ka3 Ree2 33. c4
Rd3+ 34. Kb4 Rb3# 0-1

[Event "AUTO-OPEN-4540"]
[Site "http://www.queenalice.com/game.php?id=1857732"]
[Date "2025.5.24"]
[Round "2"]
[White "GUZONJA1984"]
[Black "Jsc"]
[Result "1-0"]
[WhiteElo "2406"]
[BlackElo "1676"]

1. e4 e6 2. d4 d5 3. Nc3 dxe4 4. Nxe4 Nf6 5. Nxf6+ Qxf6 6. Nf3 b6 7. Bg5 Qf5 8.
Bd3 Qd5 9. O-O Bb7 10. Re1 c6 11. Ne5 Bd6 12. Bc4 Qa5 13. Nxf7 Kxf7 14. Qf3+ 1-0

[Event "AUTO-OPEN-4540"]
[Site "http://www.queenalice.com/game.php?id=1857733"]
[Date "2025.5.24"]
[Round "2"]
[White "Jsc"]
[Black "GUZONJA1984"]
[Result "0-1"]
[WhiteElo "1678"]
[BlackElo "2405"]

1. e4 c5 2. c3 Nf6 3. e5 Nd5 4. d4 cxd4 5. cxd4 d6 6. Bc4 Nb6 7. Bb3 dxe5 8.
dxe5 Qxd1+ 9. Bxd1 Nc6 10. f4 Bf5 11. Nc3 e6 12. Bf3 Nb4 13. Bd1 Bc5 14. a3 Nd3+
0-1

[Event "AUTO-ELITE-2561"]
[Site "http://www.queenalice.com/game.php?id=1859241"]
[Date "2025.7.1"]
[Round "2"]
[White "GUZONJA1984"]
[Black "Sexxy_Bunny"]
[Result "1/2-1/2"]
[WhiteElo "2404"]
[BlackElo "2633"]

1. e4 c5 2. Nf3 d6 3. d4 cxd4 4. Nxd4 Nf6 5. Nc3 a6 6. g3 e5 7. Nde2 Be7 8. Bg2
O-O 9. a4 Nc6 10. b3 Nb4 11. O-O Be6 12. Ba3 a5 13. Nb5 d5 14. exd5 Bxd5 15.
Bxd5 Nbxd5 16. Bb2 Qc8 17. Bxe5 Rd8 18. Ned4 Ng4 19. Qe2 Nxe5 20. Qxe5 Bf6 21.
Qe4 Nc3 22. Nxc3 Bxd4 23. Nd5 Qc5 24. Ne7+ Kf8 25. c3 Bf6 26. Nf5 Qxc3 27. Rad1
Qxb3 28. Nd6 Be7 29. Qxh7 Bxd6 30. Rxd6 Rxd6 31. Qh8+ Ke7 32. Qxa8 Qb4 33. Qh8
Qxa4 34. Qxg7 Rd1 35. Qe5+ Kd7 36. Qf5+ Ke7 37. Qe5+ 1/2-1/2

[Event "AUTO-ELITE-2561"]
[Site "http://www.queenalice.com/game.php?id=1859242"]
[Date "2025.7.1"]
[Round "2"]
[White "Sexxy_Bunny"]
[Black "GUZONJA1984"]
[Result "1/2-1/2"]
[WhiteElo "2628"]
[BlackElo "2402"]

1. e4 c5 2. Nf3 d6 3. d4 cxd4 4. Nxd4 Nf6 5. Nc3 a6 6. Be3 e5 7. Nb3 Be6 8. f3
h5 9. Qd2 Nbd7 10. Nd5 Bxd5 11. exd5 g6 12. Be2 Bg7 13. O-O b6 14. c4 O-O 15.
Rae1 Re8 16. Bf2 Rc8 17. Kh1 a5 18. a4 Nh7 19. Bd3 Bf6 20. Qc2 Bg5 21. Nc1 Nc5
22. Ne2 f5 23. g3 Rc7 24. Qd1 Nf6 25. Bc2 Bh6 26. b3 Rce7 27. Nc3 Rf8 28. Re2
Ref7 29. Qb1 Rg7 30. Nb5 h4 31. g4 fxg4 32. Bxh4 g5 33. Bg3 gxf3 34. Rxf3 Nh5
35. Rxf8+ Qxf8 36. Rf2 Rf7 37. Rxf7 Qxf7 38. Qd1 Nxg3+ 39. hxg3 Qf2 40. Qh5 Qf1+
41. Kh2 Qf2+ 42. Kh3 Qf1+ 43. Kh2 Qf2+ 44. Kh1 1/2-1/2

[Event "Let's Play Chess!"]
[Site "http://www.queenalice.com/game.php?id=1862644"]
[Date "2025.9.6"]
[Round "-"]
[White "GUZONJA1984"]
[Black "StarWarsJedi"]
[Result "1/2-1/2"]
[WhiteElo "2401"]
[BlackElo "1870"]

1. e4 c5 2. Nf3 Nc6 3. d4 cxd4 4. Nxd4 Nf6 5. Nc3 e5 6. Ndb5 d6 7. a4 a6 8. Na3
Bg4 9. Be2 Bxe2 10. Qxe2 d5 11. exd5 Nxd5 12. O-O Nxc3 13. bxc3 Bc5 14. Nc4 O-O
15. Be3 Qe7 16. Bxc5 Qxc5 17. Rfd1 Rad8 1/2-1/2

[Event "AUTO-OPEN-4541"]
[Site "http://www.queenalice.com/game.php?id=1863826"]
[Date "2025.10.5"]
[Round "3"]
[White "GUZONJA1984"]
[Black "josebaron"]
[Result "1-0"]
[WhiteElo "2428"]
[BlackElo "2135"]

1. e4 e5 2. Nf3 Nc6 3. Bb5 d6 4. d4 exd4 5. Nxd4 Bd7 6. Nc3 Nf6 7. Bxc6 Bxc6 8.
Qf3 Be7 9. Nxc6 bxc6 10. e5 Nd7 11. Qxc6 dxe5 12. Be3 O-O 13. O-O-O Bd6 14. Nb5
Nb6 15. Nxd6 cxd6 16. Qxd6 Qxd6 17. Rxd6 Nc4 18. Rd5 Nxe3 19. fxe3 Rfe8 20. c4
a5 21. b3 f6 22. Kc2 a4 23. b4 Rec8 24. Kc3 a3 25. Rhd1 Kf7 26. c5 h5 27. b5 1-0

[Event "AUTO-OPEN-4541"]
[Site "http://www.queenalice.com/game.php?id=1863827"]
[Date "2025.10.5"]
[Round "3"]
[White "josebaron"]
[Black "GUZONJA1984"]
[Result "0-1"]
[WhiteElo "2147"]
[BlackElo "2426"]

1. e4 c6 2. Nf3 d5 3. exd5 cxd5 4. d4 Nc6 5. Bb5 Qa5+ 6. Nc3 Bg4 7. Bxc6+ bxc6
8. O-O Qc7 9. h3 Bh5 10. a4 e6 11. Qd3 Bd6 12. Re1 Ne7 13. a5 O-O 14. g4 Bg6 15.
Qe2 Rae8 16. Kg2 f6 17. Qxe6+ Bf7 18. Qe2 h5 19. Bd2 hxg4 20. hxg4 Qc8 21. Na4
Qxg4+ 22. Kf1 Nf5 0-1

[Event "AUTO-OPEN-4540"]
[Site "http://www.queenalice.com/game.php?id=1864136"]
[Date "2025.10.13"]
[Round "3"]
[White "GUZONJA1984"]
[Black "josebaron"]
[Result "1-0"]
[WhiteElo "2419"]
[BlackElo "2202"]

1. e4 e5 2. Nf3 Nc6 3. Bb5 d6 4. d4 exd4 5. Nxd4 Bd7 6. Nc3 Nxd4 7. Bxd7+ Qxd7
8. Qxd4 Nf6 9. Bg5 Be7 10. O-O-O O-O 11. Kb1 c5 12. Qd3 Ng4 13. Bxe7 Qxe7 14.
Qg3 Ne5 15. f4 Ng6 16. f5 Ne5 17. Nd5 Qd8 18. f6 Ng6 19. h4 1-0

[Event "AUTO-OPEN-4540"]
[Site "http://www.queenalice.com/game.php?id=1864137"]
[Date "2025.10.13"]
[Round "3"]
[White "josebaron"]
[Black "GUZONJA1984"]
[Result "0-1"]
[WhiteElo "2180"]
[BlackElo "2423"]

1. e4 c6 2. Nf3 d5 3. exd5 cxd5 4. Bb5+ Bd7 5. Bxd7+ Nxd7 6. O-O e6 7. Re1 Ngf6
8. d4 Bd6 9. Nc3 O-O 10. Ne5 Rc8 11. a4 Bb4 12. Nxd7 Qxd7 13. Re3 Bxc3 14. bxc3
a5 15. h3 Rc4 16. f3 Rxa4 17. Rxa4 Qxa4 18. Qd3 Qa1 19. Re1 Rc8 20. Bd2 Qb2 0-1

[Event "Let's Play Chess!"]
[Site "http://www.queenalice.com/game.php?id=1864434"]
[Date "2025.10.18"]
[Round "-"]
[White "StarWarsJedi"]
[Black "GUZONJA1984"]
[Result "1/2-1/2"]
[WhiteElo "1976"]
[BlackElo "2409"]

1. e4 c5 2. Nf3 d6 3. d4 cxd4 4. Nxd4 Nf6 5. Nc3 a6 6. Bc4 e6 7. Bb3 Nbd7 8. O-O
Nc5 9. f4 Be7 10. e5 dxe5 11. fxe5 Nfd7 12. Qh5 Nf6 13. Qd1 Nfd7 14. Qh5 Nf6 15.
Qd1 1/2-1/2

[Event "AUTO-ELITE-2563"]
[Site "http://www.queenalice.com/game.php?id=1867481"]
[Date "2025.12.31"]
[Round "2"]
[White "Sexxy_Bunny"]
[Black "GUZONJA1984"]
[Result "1/2-1/2"]
[WhiteElo "2676"]
[BlackElo "2437"]

1. e4 c5 2. Nf3 d6 3. d4 cxd4 4. Nxd4 Nf6 5. Nc3 a6 6. Be3 e5 7. Nb3 Be6 8. f3
h5 9. Qd2 Nbd7 10. Nd5 Bxd5 11. exd5 g6 12. Be2 Bg7 13. O-O b6 14. c4 O-O 15.
Rae1 Re8 16. Bf2 Rc8 17. Kh1 a5 18. a4 Nh7 19. Bd3 Bf6 20. Qc2 Bg5 21. Nc1 Nc5
22. Ne2 f5 23. g3 Rc7 24. Qd1 Nf6 25. Bc2 Rce7 26. Bg1 e4 27. Nd4 exf3 28. Rxe7
Qxe7 29. Nxf3 Nfe4 30. Bxe4 fxe4 31. Nxg5 Qxg5 32. Qe2 Nxa4 33. Bd4 Nc5 34. Qf2
Qf5 35. Qg2 Qg5 36. Qf2 Qf5 37. Qg1 Qg5 38. Qf2 1/2-1/2

[Event "AUTO-ELITE-2563"]
[Site "http://www.queenalice.com/game.php?id=1867482"]
[Date "2025.12.31"]
[Round "2"]
[White "GUZONJA1984"]
[Black "Sexxy_Bunny"]
[Result "1/2-1/2"]
[WhiteElo "2456"]
[BlackElo "2665"]

1. e4 e6 2. d4 d5 3. Nc3 Nf6 4. e5 Nfd7 5. f4 c5 6. Nf3 Nc6 7. Be3 a6 8. Qd2 b5
9. h4 Bb7 10. Ne2 Be7 11. c3 b4 12. Kf2 Nb6 13. dxc5 Nc4 14. Qc1 O-O 15. Kg3
bxc3 16. bxc3 Qa5 17. h5 h6 18. Rb1 Nxe3 19. Qxe3 Bxc5 20. Ned4 Bxd4 21. cxd4
Ne7 22. Bd3 Bc6 23. Rb3 Bb5 24. Bb1 Rfc8 25. Kh2 Rab8 26. Rg1 Rb6 27. g4 Ba4 28.
Rxb6 Qxb6 29. Qa3 Bc2 30. Bxc2 Rxc2+ 31. Rg2 Rxg2+ 32. Kxg2 Nc6 33. Qc3 Qb5 34.
Kf2 Qc4 35. Qxc4 dxc4 36. Ke2 Nb4 37. a3 Nd5 38. f5 exf5 39. gxf5 g6 40. hxg6
fxg6 41. fxg6 Kg7 42. Nh4 h5 43. Kd2 Kh6 44. a4 Kg7 45. a5 Kh6 46. Kc2 c3 47.
Kd3 Kg7 48. Kc2 Kh6 49. Kd3 Kg7 50. Kc2 Kh6 1/2-1/2

[Event "AUTO-ELITE-2570"]
[Site "http://www.queenalice.com/game.php?id=1870152"]
[Date "2026.3.6"]
[Round "2"]
[White "Sexxy_Bunny"]
[Black "GUZONJA1984"]
[Result "1/2-1/2"]
[WhiteElo "2669"]
[BlackElo "2452"]

1. e4 c5 2. Nf3 d6 3. d4 cxd4 4. Nxd4 Nf6 5. Nc3 a6 6. Be3 e5 7. Nb3 Be6 8. f3
h5 9. Qd2 Nbd7 10. Nd5 Bxd5 11. exd5 g6 12. Be2 Bg7 13. O-O b6 14. c4 O-O 15.
Rae1 a5 16. Na1 h4 17. Nc2 Nh5 18. Na3 Nf4 19. Nb5 Nc5 20. Kh1 h3 21. Bxf4 exf4
22. Qxf4 hxg2+ 23. Kxg2 Qe7 24. Kh1 Rad8 25. b3 Rfe8 26. Qg3 Qe3 27. f4 Qd2 28.
Bd1 Re4 29. Rxe4 Nxe4 30. Qg2 Qxg2+ 31. Kxg2 Nc3 32. f5 Nxb5 33. cxb5 Rc8 34.
fxg6 fxg6 35. Rf2 Rc1 36. Bc2 Bd4 37. Rd2 Be3 38. Re2 Bd4 39. Kh3 Kf7 40. Rg2 g5
41. Kg4 Kf6 42. Re2 Be5 43. Rf2+ Bf4 44. Re2 Be5 45. Rf2+ Bf4 46. Re2 Be5
1/2-1/2

[Event "AUTO-ELITE-2570"]
[Site "http://www.queenalice.com/game.php?id=1870153"]
[Date "2026.3.6"]
[Round "2"]
[White "GUZONJA1984"]
[Black "Sexxy_Bunny"]
[Result "1/2-1/2"]
[WhiteElo "2460"]
[BlackElo "2660"]

1. e4 e6 2. d4 d5 3. Nc3 Nf6 4. e5 Nfd7 5. f4 c5 6. Nf3 Nc6 7. Be3 a6 8. Qd2 b5
9. h4 Bb7 10. Qf2 Qb6 11. Rh3 Qa5 12. h5 Be7 13. Bd2 Qc7 14. Ne2 O-O 15. O-O-O
cxd4 16. Nexd4 b4 17. Be3 Nxd4 18. Nxd4 Nc5 19. Kb1 Ne4 20. Qe1 a5 21. Bd3 a4
22. h6 g6 23. Bxe4 dxe4 24. Nb5 Qc6 25. Nd6 b3 26. axb3 axb3 27. cxb3 Rfb8 28.
Qc3 Qa6 29. Bc5 Bc6 30. Qd4 Qe2 31. Qd2 Qa6 32. Qd4 Qe2 33. Qd2 Qa6 34. Qd4
1/2-1/2

[Event "AUTO-ELITE-2570"]
[Site "http://www.queenalice.com/game.php?id=1870156"]
[Date "2026.3.6"]
[Round "2"]
[White "GUZONJA1984"]
[Black "CHECKMATE88"]
[Result "1/2-1/2"]
[WhiteElo "2464"]
[BlackElo "2446"]

1. e4 c5 2. Nf3 d6 3. d4 cxd4 4. Nxd4 Nf6 5. Nc3 a6 6. Be3 e5 7. Nb3 Be6 8. f3
h5 9. Qd2 Nbd7 10. Nd5 Bxd5 11. exd5 g6 12. O-O-O Nb6 13. Kb1 Nbxd5 14. Bg5 Be7
15. Bd3 Qc7 16. Rhe1 Nb6 17. Qf2 Rc8 18. c3 O-O 19. h4 d5 20. g4 Na4 21. Qd2
Rfe8 22. Bc2 hxg4 23. fxg4 d4 24. Nxd4 Nxb2 25. Kxb2 exd4 26. Qxd4 Nd5 27. Bxe7
Rxe7 1/2-1/2

[Event "AUTO-ELITE-2570"]
[Site "http://www.queenalice.com/game.php?id=1870157"]
[Date "2026.3.6"]
[Round "2"]
[White "CHECKMATE88"]
[Black "GUZONJA1984"]
[Result "1/2-1/2"]
[WhiteElo "2446"]
[BlackElo "2464"]

1. e4 c5 2. Nf3 d6 3. d4 cxd4 4. Nxd4 Nf6 5. Nc3 a6 6. Bg5 e6 7. f4 Qb6 8. Qd2
Qxb2 9. Rb1 Qa3 10. e5 h6 11. Bh4 dxe5 12. fxe5 g5 13. exf6 gxh4 14. Be2 Qa5 15.
O-O Nd7 16. Kh1 Qg5 17. Rf4 e5 18. Nd5 exd4 19. Qxd4 Kd8 20. Ne7 Qe5 21. Qd2
Bxe7 22. fxe7+ Qxe7 23. Bg4 f5 24. Rxf5 Re8 25. Rd5 b6 26. h3 Kc7 27. Bxd7 Bxd7
1/2-1/2